The State of Law : Comparative Perspectives on the Rule of Law in Germany and Vietnam.

Bibliographic Details
Main Author: von Alemann, Ulrich.
Other Authors: Briesen, Detlef., Khanh, Lai Quoc.
Format: eBook
Language:English
Published: Düsseldorf : Walter de Gruyter GmbH, 2017.
Edition:1st ed.
Subjects:
Online Access:Click to View
LEADER 01472nam a22003613i 4500
001 EBC7015047
003 MiAaPQ
005 20231204023225.0
006 m o d |
007 cr cnu||||||||
008 231204s2017 xx o ||||0 eng d
020 |a 9783110720358  |q (electronic bk.) 
035 |a (MiAaPQ)EBC7015047 
035 |a (Au-PeEL)EBL7015047 
035 |a (OCoLC)1330934724 
040 |a MiAaPQ  |b eng  |e rda  |e pn  |c MiAaPQ  |d MiAaPQ 
100 1 |a von Alemann, Ulrich. 
245 1 4 |a The State of Law :  |b Comparative Perspectives on the Rule of Law in Germany and Vietnam. 
250 |a 1st ed. 
264 1 |a Düsseldorf :  |b Walter de Gruyter GmbH,  |c 2017. 
264 4 |c {copy}2017. 
300 |a 1 online resource (361 pages) 
336 |a text  |b txt  |2 rdacontent 
337 |a computer  |b c  |2 rdamedia 
338 |a online resource  |b cr  |2 rdacarrier 
588 |a Description based on publisher supplied metadata and other sources. 
590 |a Electronic reproduction. Ann Arbor, Michigan : ProQuest Ebook Central, 2023. Available via World Wide Web. Access may be limited to ProQuest Ebook Central affiliated libraries.  
655 4 |a Electronic books. 
700 1 |a Briesen, Detlef. 
700 1 |a Khanh, Lai Quoc. 
776 0 8 |i Print version:  |a von Alemann, Ulrich  |t The State of Law  |d Düsseldorf : Walter de Gruyter GmbH,c2017 
797 2 |a ProQuest (Firm) 
856 4 0 |u https://ebookcentral.proquest.com/lib/matrademy/detail.action?docID=7015047  |z Click to View